=LDR 00000nam 2200000 4500 =001 INLIS000000000039104 =005 20130612144745 =008 ***********************************ind** =035 ##$$0010-061300000039104 =041 ##$$a ind =082 ##$$a 813 =090 ##$$a 813, Quinn s =100 ##$$a Quinn, Julia =245 ##$$a Spuluh Yang Kucinta Tentangmu =650 ##$$a Fiksi =850 ##$$a NBPNMAT